Antologia de poetas y prosistas españoles /
Guardado en:
| Autor Principal: | |
|---|---|
| Formato: | Libro |
| Publicado: |
Madrid / Buenos Aires :
CompaÑia Ibero-americana De Publicaciones / Renacimiento,
1928
|
| Materias: | |
| Etiquetas: |
Agregar Etiqueta
Sin Etiquetas, Sea el primero en etiquetar este registro!
|
| LEADER | 00656nam a22001935a 4500 | ||
|---|---|---|---|
| 001 | EHU.bham024552 | ||
| 003 | AR-BHAM | ||
| 005 | 20130507152026.0 | ||
| 008 | 130507s1928##################000#0#####d | ||
| 082 | 8 | 6 | |a 860 |
| 100 | 1 | |a Montero Alonso, Jose | |
| 245 | 1 | 0 | |a Antologia de poetas y prosistas españoles / |c Jose Montero Alonso |
| 260 | |a Madrid / Buenos Aires : |b CompaÑia Ibero-americana De Publicaciones / Renacimiento, |c 1928 | ||
| 300 | |a 420 p. | ||
| 500 | |a Premio Nacional De Literatura, 1928 | ||
| 653 | |a Donacion lejarraga | ||
| 653 | |a Antologia de textos | ||
| 653 | |a Poesia espaÑola | ||
| 859 | |a AR-BHAM |b BIB. HUMANIDADES - General |h 860 |i M764 |p 323.02 |t Ej.1 | ||
